| 000 | 00619cam4a220019300 4500 | ||
|---|---|---|---|
| 001 | tmp15939081 | ||
| 003 | UPRA | ||
| 005 | 20190822110127.0 | ||
| 008 | 951114s1986 ne eng u | ||
| 035 | _a(Sirsi) r50547 | ||
| 035 | _a(UPRA)tmp15939081 | ||
| 040 | _cUPRA | ||
| 100 | 1 |
_aVingerhoets, Jan. _6A8453.1 |
|
| 245 | 1 | 0 |
_aFabrication of copper and copper semis in developing countries : _ba review of evidence and opportunities. |
| 260 |
_aTilburg : _bTilburg University, _c1986. |
||
| 949 |
_aHD9539 _wlcc _i-63900 _mMAIN _tBOOK _lON-SHELF |
||
| 949 |
_aHD9539 _wlcc _i-63901 _mMAIN _tBOOK _lON-SHELF |
||
| 004 | 50547 | ||
| 999 |
_c131815 _d131815 |
||